Euro nepomáha liečbe verejných rozpočtov

Riadenie hospodárskeho priestoru viacerých štátov s rozdielnou ekonomickou úrovňou. Zadlženie štátnej kasy a miera deficitov v celej Únii. Rozpočtový dohľad nad štátnymi rozpočtami členských štátov. Rozpočtové schodky a HDP v EÚ. Hranice spravovania verejných financií.

Saved in:
Bibliographic Details
Main Author: Hölcz, Róbert
Format: Book Chapter
Language:Slovak
Subjects:
Tags: Add Tag
No Tags, Be the first to tag this record!

MARC

LEADER 00000naa$a2200000$$$4500
001 0115154
005 20231006123717.2
041 0 |a slo 
044 |a SK 
245 1 0 |a Euro nepomáha liečbe verejných rozpočtov  |c Róbert Hölcz 
520 |a Riadenie hospodárskeho priestoru viacerých štátov s rozdielnou ekonomickou úrovňou. Zadlženie štátnej kasy a miera deficitov v celej Únii. Rozpočtový dohľad nad štátnymi rozpočtami členských štátov. Rozpočtové schodky a HDP v EÚ. Hranice spravovania verejných financií. 
610 2 0 |a Európska únia 
610 2 0 |a euro 
610 2 0 |a politika fiškálna 
610 2 0 |a politika menová 
610 2 0 |a deficit rozpočtový 
610 2 0 |a produkt domáci hrubý 
610 2 0 |a spolupráca medzinárodná 
610 2 0 |a Európska centrálna banka 
100 1 |a Hölcz, Róbert